000 00350nam a2200145Ia 4500
008 240624s9999 xx 000 0 und d
041 _aeng
082 _a658.3124 ARG
100 _aARGYRIS CHRIS
245 _aON ORGANIZATIONAL LEARNING
250 _a(2nd ed.)
260 _c1999
_aOxford
_bWiley-Blackwell
300 _a480 : p.
365 _c
_b30.5
999 _c18166
_d18166